|
|
|
|
| LEADER |
00000nam0a2200000 4500 |
| 001 |
275799 |
| 005 |
20231101234847.0 |
| 035 |
|
|
|a (RuTPU)RU\TPU\book\299050
|
| 090 |
|
|
|a 275799
|
| 100 |
|
|
|a 20141117d2014 k y0rusy50 ca
|
| 101 |
0 |
|
|a rus
|
| 102 |
|
|
|a RU
|
| 105 |
|
|
|a a dm 001zy
|
| 200 |
1 |
|
|a СВС-технология дисперсных дисульфидов вольфрама и молибдена с наноразмерными слоями для трибологических композиций
|e автореферат диссертации на соискание ученой степени кандидата технических наук
|e спец. 05.17.11
|f Ю. А. Иртегов
|g Национальный исследовательский Томский политехнический университет (ТПУ) ; науч. рук. В. В. Коробочкин
|
| 210 |
|
|
|a Томск
|d 2014
|
| 215 |
|
|
|a 20 с.
|c ил.
|
| 300 |
|
|
|a Защита сост. 16.09.2014 г.
|
| 320 |
|
|
|a Библиогр.: с. 19-20 (13 назв.).
|
| 452 |
|
1 |
|0 (RuTPU)RU\TPU\book\289956
|t СВС-технология дисперсных дисульфидов вольфрама и молибдена с наноразмерными слоями для трибологических композиций
|o автореферат диссертации на соискание ученой степени кандидата технических наук
|o спец. 05.17.11
|f Ю. А. Иртегов
|g Национальный исследовательский Томский политехнический университет (ТПУ) ; науч. рук. В. В. Коробочкин
|c Томск
|d 2014
|a Иртегов, Юрий Александрович
|
| 606 |
1 |
|
|a Металлические порошки цветных металлов
|x Производство
|2 stltpush
|3 (RuTPU)RU\TPU\subj\42373
|9 62043
|
| 610 |
1 |
|
|a дисульфид вольфрама
|
| 610 |
1 |
|
|a дисульфид молибдена
|
| 610 |
1 |
|
|a получение
|
| 610 |
1 |
|
|a СВС
|
| 610 |
1 |
|
|a самораспространяющийся высокотемпературный синтез
|
| 610 |
1 |
|
|a термодинамические закономерности
|
| 610 |
1 |
|
|a нанопорошки
|
| 610 |
1 |
|
|a металлы
|
| 610 |
1 |
|
|a сера
|
| 610 |
1 |
|
|a аппаратурно-технологические схемы
|
| 610 |
1 |
|
|a реакторы
|
| 610 |
1 |
|
|a авторефераты диссертаций
|
| 610 |
1 |
|
|a труды учёных ТПУ
|
| 675 |
|
|
|a 621.762:669.2/.8(04)
|v 3
|
| 686 |
|
|
|a 05.17.11
|2 oksvnk
|
| 700 |
|
1 |
|a Иртегов
|b Ю. А.
|c электрофизик
|c инженер-исследователь Томского политехнического университета
|f 1987-
|g Юрий Александрович
|2 stltpush
|3 (RuTPU)RU\TPU\pers\30698
|
| 702 |
|
1 |
|a Коробочкин
|b В. В.
|c российский химик-технолог
|c профессор Томского политехнического университета, доктор технических наук
|f 1951-
|g Валерий Васильевич
|2 stltpush
|3 (RuTPU)RU\TPU\pers\27915
|4 727
|
| 712 |
0 |
2 |
|a Национальный исследовательский Томский политехнический университет (ТПУ)
|c (2009- )
|2 stltpush
|3 (RuTPU)RU\TPU\col\15902
|
| 801 |
|
1 |
|a RU
|b 63413507
|c 20141117
|
| 801 |
|
2 |
|a RU
|b 63413507
|c 20150603
|g RCR
|
| 942 |
|
|
|c BK
|